|
|
|
|
| LEADER |
00000nas a2200000 a 4500 |
| 001 |
ssj0031594 |
| 003 |
WaSeSS |
| 005 |
20200512172242.0 |
| 006 |
m d |
| 007 |
cr n |
| 008 |
050328d19801992paubr p s 0 a0eng c |
| 010 |
|
|
|a 2007247526
|
| 022 |
|
|
|a 2168-3417
|y 0196-5204
|
| 035 |
|
|
|a (WaSeSS)ssj0031594
|
| 037 |
|
|
|b SIAM Publications, 117 S. 17th St., Philadelphia, PA 19103
|
| 040 |
|
|
|a MNU
|b eng
|c MNU
|d BUF
|d OCLCE
|d TXA
|d DLC
|d OCLCO
|d OCLCQ
|d OCLCF
|d OCLCO
|d OCLCQ
|d VT2
|d WaSeSS
|
| 042 |
|
|
|a pcc
|a nsdp
|
| 050 |
1 |
4 |
|a QA297
|b .S587
|
| 082 |
1 |
0 |
|a 519
|2 14
|
| 210 |
0 |
|
|a SIAM j. sci. statist. comput.
|b (Online)
|
| 222 |
|
0 |
|a SIAM journal on scientific and statistical computing
|b (Online)
|
| 245 |
0 |
0 |
|a SIAM journal on scientific and statistical computing
|h [electronic resource].
|
| 246 |
3 |
|
|a SIAM journal on scientific & statistical computing
|b (Online)
|
| 246 |
3 |
|
|a Journal on scientific and statistical computing
|
| 246 |
3 |
|
|a Society for Industrial and Applied Mathematics journal on scientific and statistical computing
|
| 246 |
3 |
|
|a SIAM j. sci. and stat. comput
|
| 260 |
|
|
|a [Philadelphia, Pa.] :
|b Society for Industrial and Applied Mathematics,
|c ©1980-©1992.
|
| 310 |
|
|
|a Bimonthly,
|b 1987-1992
|
| 321 |
|
|
|a Quarterly,
|b 1980-1986
|
| 362 |
1 |
|
|a Began with: Vol. 1, no. 1 (Mar. 1980); ceased with: vol. 13, no. 6 (Nov. 1992).
|
| 506 |
|
|
|a License restrictions may limit access.
|
| 538 |
|
|
|a Mode of access: World Wide Web.
|
| 588 |
|
|
|a Description based on: Vol. 1, no. 1 (Mar. 1980); title from cover of print issue (SIAM site, viewed Feb. 15, 2012).
|
| 588 |
|
|
|a Latest issue consulted: Vol. 13, no. 6 (Nov. 1992) (SIAM site, viewed June 19, 2012).
|
| 650 |
|
0 |
|a Numerical analysis
|x Data processing
|v Periodicals.
|
| 650 |
|
0 |
|a Mathematical statistics
|x Data processing
|v Periodicals.
|
| 650 |
|
0 |
|a Science
|x Data processing
|v Periodicals.
|
| 650 |
|
6 |
|a Analyse numérique
|x Informatique
|v Périodiques.
|
| 650 |
|
6 |
|a Statistique mathématique
|x Informatique
|v Périodiques.
|
| 650 |
|
6 |
|a Sciences
|x Informatique
|v Périodiques.
|
| 650 |
|
7 |
|a Mathematical statistics
|x Data processing.
|2 fast
|0 (OCoLC)fst01012133
|
| 650 |
|
7 |
|a Numerical analysis
|x Data processing.
|2 fast
|0 (OCoLC)fst01041279
|
| 650 |
|
7 |
|a Science
|x Data processing.
|2 fast
|0 (OCoLC)fst01108207
|
| 650 |
1 |
7 |
|a Statistiek.
|2 gtt
|
| 650 |
1 |
7 |
|a Natuurwetenschappen.
|2 gtt
|
| 650 |
1 |
7 |
|a Computermethoden.
|2 gtt
|
| 655 |
|
0 |
|a Electronic journals.
|
| 710 |
2 |
|
|a Society for Industrial and Applied Mathematics.
|
| 776 |
0 |
8 |
|i Print version:
|t SIAM journal on scientific and statistical computing
|x 0196-5204
|w (DLC) 80644236
|w (OCoLC)5842767
|
| 785 |
0 |
0 |
|t SIAM journal on scientific computing
|x 1095-7197
|w (DLC)sn 97004548
|w (OCoLC)36912585
|
| 856 |
4 |
0 |
|z Full text available from Research Library: 1980 to 1992
|u https://search.proquest.com/publication/666298
|